Gaseous fire extinguishing systems using halocarbon agents: guidance for insurers (Record no. 101378)

MARC details
000 -LEADER
fixed length control field 00657cam a2200229 4500
008 - FIXED-LENGTH DATA ELEMENTS--GENERAL INFORMATION
fixed length control field 000000n1998 000 0 eng u
020 ## - INTERNATIONAL STANDARD BOOK NUMBER
International Standard Book Number 0902167847
035 ## - SYSTEM CONTROL NUMBER
System control number (Sirsi) u112232
050 ## - LIBRARY OF CONGRESS CALL NUMBER
Classification number 693.82
110 ## - MAIN ENTRY--CORPORATE NAME
Corporate name or jurisdiction name as entry element Loss Prevention Council
9 (RLIN) 1863
245 ## - TITLE STATEMENT
Title Gaseous fire extinguishing systems using halocarbon agents: guidance for insurers
260 ## - PUBLICATION, DISTRIBUTION, ETC.
Place of publication, distribution, etc. Borehamwood
Name of publisher, distributor, etc. LPC
Date of publication, distribution, etc. 1998
300 ## - PHYSICAL DESCRIPTION
Extent 35p. ; 30cm.
350 ## - PRICE (NR) (BK AM CF MU VM SE) [OBSOLETE]
Price 20.00
490 ## - SERIES STATEMENT
Series statement LPR
Volume/sequential designation 10
650 ## - SUBJECT ADDED ENTRY--TOPICAL TERM
Topical term or geographic name entry element Insurance
9 (RLIN) 6249
650 ## - SUBJECT ADDED ENTRY--TOPICAL TERM
Topical term or geographic name entry element FIRE DAMAGE
650 ## - SUBJECT ADDED ENTRY--TOPICAL TERM
Topical term or geographic name entry element FIRE PREVENTION
650 ## - SUBJECT ADDED ENTRY--TOPICAL TERM
Topical term or geographic name entry element MANAGEMENT-HEALTH AND SAFETY-FIRE SAFETY
690 ## - LOCAL SUBJECT ADDED ENTRY--TOPICAL TERM (OCLC, RLIN)
Topical term or geographic name as entry element Health and safety
9 (RLIN) 6244
942 ## - ADDED ENTRY ELEMENTS (KOHA)
Suppress in OPAC 0
Holdings
Withdrawn status Lost status Source of classification or shelving scheme Damaged status Not for loan Home library Current library Shelving location Date acquired Total Checkouts Full call number Barcode Date last seen Copy number Price effective from Koha item type
    Dewey Decimal Classification     London London Folio 30/04/2001   F693.82 LOS 30064322 06/08/2019 1 06/08/2019 Book